[Event "Kathmandu Open 2018"]
[Site "Kathmandu"]
[Date "2018.04.15"]
[Round "6"]
[White "Jaiswal, Rupesh"]
[Black "Gusain, Himal"]
[Result "0-1"]
[WhiteElo "2121"]
[BlackElo "2413"]
[Annotator "TA"]
[PlyCount "74"]
[EventDate "2018.??.??"]
[EventType "swiss"]
[EventCountry "NEP"]
[SourceTitle "playchess.com"]
[Source "ChessBase"]
[SourceQuality "1"]

{[%evp 15,74,0,0,-17,-18,-24,-13,-18,-16,-18,-17,-12,-15,-16,-8,-10,-22,-74,-46,-54,-31,-81,-79,-77,-70,-81,-33,-101,-65,-113,-33,-73,-82,-77,-51,-50,-4,-57,0,-81,-20,-19,-17,-129,-92,-131,-90,-164,-68,-889,-773,-29989,-1285,-29990,-29991,-29991,-29992,-29992,-29991,-29991,-29992]} 1. d4 c5 2. e3 e6 3. Nf3 b6 4. Be2 Nf6 5. Nbd2 Bb7 6. b3 {A46: 1 d4 Nf6 2 Nf3 e6: Torre, London and Colle Systems} d5 7. Bb2 Bd6 8. O-O O-O {LiveBook: 6 Games} 9. Ne5 Nc6 {[%cal Bb8c6,Bc6e7,Be7f5,Bf5h4][%mdl 32]} 10. f4 Ne7 11. Bd3 Nf5 $146 ({Predecessor:} 11... Ne4 12. Bxe4 dxe4 13. Nec4 cxd4 14. Nxd6 Qxd6 15. Nc4 Qc7 16. Qxd4 {½-½ (39) Popchev,M (2451)-Gonda,L (2522) Zupanja 2009}) 12. Qf3 Qe7 13. g4 {Strongly threatening dxc5.} Nh4 14. Qh3 Ne4 15. Rad1 cxd4 16. exd4 (16. Bxd4 $11 Rfd8 17. c4) 16... f5 17. g5 $1 Ng6 $36 {[%mdl 2048] Black has good play.} 18. Qe3 Nxe5 19. dxe5 Bc5 20. Bd4 Rfc8 21. Rf3 (21. Nf3 $15) 21... a5 22. Rh3 Bc6 (22... a4 $17) 23. c4 Rd8 24. Bxc5 bxc5 25. cxd5 Bxd5 26. Be2 ({Better is} 26. Nxe4 $11 Bxe4 27. Qe2) 26... g6 (26... a4 $15 27. Nxe4 Bxe4 28. Rxd8+ Qxd8 29. bxa4 Qd5) 27. Rc1 (27. Nxe4 $11 Bxe4 28. Rxd8+ Rxd8 29. Qc3) 27... Rac8 ({Black should try} 27... Nxd2 $17 28. Qxd2 Bxb3) 28. Nxe4 $11 Bxe4 29. Bc4 {[#]} (29. Rg3 $11 {keeps the balance.}) 29... Rd4 $1 $17 30. Qf2 Ba8 {...Qb7 is the strong threat.} 31. Bf1 {[#]} (31. Be2 $17 {was necessary.}) 31... Qb7 ({Black should play} 31... Rcd8 $1 $19 {And now ...Qb7 would win.} 32. Be2 Rd2) 32. Qe3 $2 {[%mdl 8192]} (32. Bg2 $15 Qxg2+ 33. Qxg2 Bxg2 34. Kxg2) 32... Rcd8 33. Rc2 Qh1+ 34. Kf2 Rd1 {Black mates.} 35. Qe2 R8d4 36. Rh4 Rxf1+ 37. Qxf1 Qf3+ {Precision: White = 31%, Black = 44%.} 0-1

[Event "Kathmandu Open 2018"]
[Site "Kathmandu"]
[Date "2018.04.15"]
[Round "6"]
[White "Kayastha, Madan Krishna"]
[Black "Kakshapati, Prayash Shrestha"]
[Result "1-0"]
[WhiteElo "2097"]
[BlackElo "1601"]
[Annotator "NA RC"]
[PlyCount "41"]
[EventDate "2018.??.??"]
[EventType "swiss"]
[EventCountry "NEP"]
[SourceTitle "playchess.com"]
[Source "ChessBase"]
[SourceQuality "1"]
[TimeControl "5400+30"]

1. e4 c6 2. d4 d5 3. exd5 cxd5 4. Bd3 Nc6 5. c3 Qc7 6. f4 Nf6 7. h3 h5 8. Nf3 e6 9. O-O Be7 10. Ne5 Bd7 11. Nd2 h4 12. Ndf3 Nh5 13. Bd2 Ng3 14. Re1 Bf6 15. f5 Nxe5 16. Nxe5 O-O 17. Bf4 Qd8 18. Bxg3 hxg3 19. fxe6 Bxe6 20. Qh5 g6 21. Nxg6 1-0

[Event "Kathmandu Open 2018"]
[Site "Kathmandu"]
[Date "2018.04.15"]
[Round "6"]
[White "Saptorshi Gupta"]
[Black "Gajwa Ankit"]
[Result "1/2-1/2"]
[WhiteElo "2080"]
[BlackElo "2292"]
[Annotator "TA"]
[PlyCount "62"]
[EventDate "2018.??.??"]
[EventType "swiss"]
[EventCountry "NEP"]
[SourceTitle "playchess.com"]
[Source "ChessBase"]
[SourceQuality "1"]

{[%evp 14,62,24,28,25,6,11,0,0,0,8,-12,-12,-23,-25,-28,-21,-13,-4,-6,0,-22,0,-16,47,30,66,58,99,79,71,57,78,61,122,-90,-87,-97,-93,-91,-91,-91,-89,-102,0,-71,0,-92,0,-44,0]} 1. e4 e5 2. Bc4 Nf6 3. d3 c6 4. Nf3 Be7 5. Nc3 O-O 6. O-O d6 7. h3 Nbd7 8. a4 {LiveBook: 5 Games} Nc5 {C24: Bishop's Opening: 2...Nf6} 9. Ba2 (9. Re1 Be6 10. Bxe6 Nxe6 11. d4 Qa5 12. Be3 Rfe8 13. d5 cxd5 14. Nxd5 Nxd5 15. exd5 Nc5 16. c4 {½-½ (31) Turati,P (2474)-Sadowski,M (2553) ICCF email 2009}) 9... Be6 10. b4 $146 ({Find the theoretical novelty and annotate with similar games:} 10. Re1 Bxa2 11. Rxa2 Ne6 12. Ra1 Nd7 13. d4 Ng5 14. d5 Nxf3+ 15. Qxf3 c5 16. Nd1 {1-0 (48) Biryukov,D (2278)-Shlegin,S (2336) Saratov 2014}) 10... Bxa2 {The position is equal.} 11. Rxa2 Ne6 12. Ne2 Re8 13. c3 a5 14. Ng3 axb4 15. cxb4 Bf8 16. Bd2 g6 17. Qc2 h5 18. a5 h4 ({Black should try} 18... d5 $11) 19. Ne2 $14 Nh5 20. a6 Re7 21. Rfa1 bxa6 22. Qxc6 Rc7 23. Qd5 Rcc8 (23... Nf6 $14 24. Qb3 d5) 24. Rxa6 $2 (24. Qb3 $16) 24... Rxa6 25. Rxa6 Nc7 $1 {[%csl LRa6,LRd5]} 26. Qa5 {[#] Strongly threatening Ra7.} Nxa6 27. Qxa6 Ra8 28. Qc6 Rc8 29. Qa6 $1 Ra8 30. Qc6 $1 Rc8 31. Qa6 $1 Ra8 {Precision: White = 40%, Black = 34%.} 1/2-1/2

[Event "Kathmandu Open 2018"]
[Site "Kathmandu"]
[Date "2018.04.15"]
[Round "6"]
[White "Hamal, Manish"]
[Black "Volkov, Sergey"]
[Result "0-1"]
[WhiteElo "2058"]
[BlackElo "2598"]
[Annotator "TA"]
[PlyCount "93"]
[EventDate "2018.??.??"]
[EventType "swiss"]
[EventCountry "NEP"]
[SourceTitle "playchess.com"]
[Source "ChessBase"]
[SourceQuality "1"]

{[%evp 16,93,-18,-43,-16,-24,-20,-84,-66,-71,-79,-79,-83,-82,-77,-73,-70,-111,-113,-115,-115,-115,-115,-122,-107,-137,-110,-111,-86,-107,-86,-91,-91,-130,-103,-100,-103,-128,-128,-131,-131,-138,-146,-163,-155,-168,-162,-175,-160,-160,-166,-164,-163,-153,-150,-154,-148,-154,-154,-149,-104,-119,-76,-77,-64,-64,-64,-64,-64,-64,-64,-102,-102,-685,-677,-806,-307,-291,-285,-365]} 1. d4 d5 2. Nf3 c5 3. c3 Nf6 4. Bf4 Nc6 5. e3 Qb6 6. Qb3 c4 7. Qxb6 axb6 8. Nbd2 b5 {[%cal Bb6b5,Bb5b4][%mdl 32]} 9. Ne5 {LiveBook: 5 Games. D02: 1 d4 d5 2 Nf3 sidelines, including 2...Nf6 3 g3 and 2...Nf6 3 Bf4} (9. Be2 e6 10. O-O b4 11. Bg5 b5 12. Bxf6 gxf6 13. cxb4 Bxb4 14. a3 Bxd2 15. Nxd2 Ke7 16. Rfc1 Bd7 17. b3 {0-1 (31) Mehmeti,D (2428)-Pelletier,Y (2540) Heraklio 2017}) 9... b4 10. Nxc6 bxc6 11. e4 (11. a4 $11) 11... e6 $17 12. Be2 $146 ({Find the theoretical novelty and annotate with similar games:} 12. e5 Nd7 13. Be2 c5 14. Be3 Be7 15. O-O O-O 16. f4 bxc3 17. bxc3 cxd4 18. Bxd4 {0-1 (50) Fromme,E (2142)-Mueller,M (2275) Germany 2015}) 12... bxc3 13. bxc3 Ba3 {aiming for ...Bb2.} 14. Rb1 O-O 15. O-O Ba6 16. Rb6 Rfc8 17. f3 Nd7 18. Rbb1 Bb5 19. exd5 exd5 20. Bd1 Nb6 21. Re1 f6 22. Nf1 Kf7 23. Ng3 g6 24. h4 Ra7 25. Re2 Rca8 26. Kf2 Bf8 27. a4 Nxa4 28. Bxa4 Rxa4 29. h5 Ra1 30. hxg6+ hxg6 31. Ree1 Rxb1 32. Rxb1 Ra2+ 33. Ne2 Ke6 34. g4 Be7 35. Ke3 Bd8 36. Bg3 Kd7 37. Rh1 g5 38. Rh7+ Be7 39. Bc7 Kxc7 40. Rxe7+ {[%mdl 4096] Endgame KRB-KRN} Kd6 41. Rf7 Ke6 42. Rh7 {With the idea Ng3.} Ba4 {[#] ...Bd1 is the strong threat.} 43. Ra7 Bb3 44. Rc7 $2 {[%mdl 8192]} (44. Rxa2 $17 Bxa2 45. f4) 44... Bd1 $19 {[%csl Gd1][%cal Ra2e2]} 45. Ng3 Rc2 $2 (45... Rg2 46. Rxc6+ Kf7) 46. Rxc6+ Kf7 ({Resist} 46... Kd7 47. Rxf6 Rxc3+ 48. Kf2 $19) 47. Rc7+ {Precision: White = 46%, Black = 72%.} 0-1

[Event "Kathmandu Open 2018"]
[Site "Kathmandu"]
[Date "2018.04.15"]
[Round "6"]
[White "Sonkalan Bharati"]
[Black "Navalgund, Niranjan"]
[Result "0-1"]
[WhiteElo "2050"]
[BlackElo "2286"]
[Annotator "TA"]
[PlyCount "84"]
[EventDate "2018.??.??"]
[EventType "swiss"]
[EventCountry "NEP"]
[SourceTitle "playchess.com"]
[Source "ChessBase"]
[SourceQuality "1"]

{[%evp 20,84,0,-27,25,0,0,9,0,-8,0,-50,-45,-46,-45,-43,-48,-45,-26,-74,-58,-54,-20,-29,-22,-27,-23,-30,-17,-12,-12,-43,-5,-7,0,-16,0,-9,0,0,0,0,0,0,0,0,0,0,0,-14,-8,-54,0,0,0,-99,-90,-583,-577,-605,-605,-589,-585,-791,-645,-880,-708]} 1. d4 Nf6 2. Nf3 e6 3. Bf4 c5 4. c3 Nc6 5. e3 d5 6. Nbd2 Bd6 7. Bg3 O-O 8. Bd3 b6 9. O-O {[%cal Bh1f1,Bf1f3,Bf3h3][%mdl 32] D02: 1 d4 d5 2 Nf3 sidelines, including 2...Nf6 3 g3 and 2...Nf6 3 Bf4} (9. e4 Be7 10. e5 Nh5 11. Nf1 cxd4 12. Nxd4 Nxd4 13. cxd4 g6 14. Ne3 f5 15. exf6 Bxf6 16. Be2 Nxg3 17. hxg3 {½-½ (37) Nakamura,H (2787)-Svidler,P (2760) Moscow 2018}) 9... Bb7 10. Qb1 Ne7 11. Ne5 {LiveBook: 9 Games. The position is equal.} Nc8 $146 ({Black should try} 11... Qc7) ({Predecessor:} 11... g6 12. Nef3 Nf5 13. Be5 Be7 14. h3 a5 15. a4 Ba6 16. Bxa6 Rxa6 17. Rd1 Qa8 {1-0 (71) Kamsky,G (2670)-Arun Prasad,S (2503) Rockville 2015}) 12. f4 Be7 13. Bh4 {Black must now prevent Bxf6.} g6 14. Rf3 Nd6 15. Qe1 (15. Bxf6 $5 Bxf6 16. g4 $11) 15... Nfe4 16. Bxe7 Qxe7 17. Rh3 f6 18. Ng4 Kg7 19. Nf2 Nxd2 20. Qxd2 e5 21. dxe5 fxe5 22. fxe5 Qxe5 23. e4 $1 {[#] Hoping for Qh6+.} Qf4 24. Qxf4 Rxf4 25. exd5 $1 Bxd5 26. Re3 Raf8 27. Re7+ Kh6 28. Rf1 Nc8 29. Rc7 Bxa2 30. Ng4+ Kg5 31. Ne5 {Strongly threatening Ra1.} Rxf1+ 32. Bxf1 Bg8 33. g3 Re8 34. Nf3+ Kf6 35. Ba6 Bd5 (35... Nd6 $15) 36. Nd2 $11 Nd6 37. Rxa7 {[#]} (37. Rd7 $11 {remains equal.} Ke6 38. Rxh7) 37... Re1+ $1 $17 38. Bf1 $2 {[%mdl 8192]} (38. Kf2 $17 Ra1 39. Rd7) 38... Rd1 $19 {Black is clearly winning.} 39. Ra6 Rxd2 40. Rxb6 Ke5 41. b4 cxb4 42. cxb4 Ne4 {Precision: White = 46%, Black = 54%.} 0-1

[Event "Kathmandu Open 2018"]
[Site "Kathmandu"]
[Date "2018.04.15"]
[Round "6"]
[White "Karmacharya, Punya Man"]
[Black "Basnet, Surya"]
[Result "0-1"]
[WhiteElo "1933"]
[BlackElo "1802"]
[Annotator "NA RC"]
[PlyCount "48"]
[EventDate "2018.??.??"]
[EventType "swiss"]
[EventCountry "NEP"]
[SourceTitle "playchess.com"]
[Source "ChessBase"]
[SourceQuality "1"]
[TimeControl "5400+30"]

1. e4 e5 2. Nf3 Nc6 3. Bc4 Nf6 4. Nc3 Bc5 5. O-O d6 6. h3 Bb6 7. d3 O-O 8. Bg5 h6 9. Bh4 g5 10. Nxg5 hxg5 11. Bxg5 Be6 12. Qf3 Kg7 13. Qg3 Rh8 14. Nd5 Bxd5 15. Bxd5 Nd4 16. Bh4+ Kf8 17. Qg5 Nf3+ 18. gxf3 Rg8 19. Qxg8+ Kxg8 20. Kh1 Qd7 21. Bxf6 Qxh3+ 22. Kg1 Qg3+ 23. Kh1 Qxf3+ 24. Kg1 Qxf6 0-1

[Event "Kathmandu Open 2018"]
[Site "Kathmandu"]
[Date "2018.04.15"]
[Round "7"]
[White "Volkov, Sergey"]
[Black "Deshmukh, Anup"]
[Result "1-0"]
[WhiteElo "2598"]
[BlackElo "2282"]
[Annotator "TA"]
[PlyCount "47"]
[EventDate "2018.??.??"]
[EventType "swiss"]
[EventCountry "NEP"]
[SourceTitle "playchess.com"]
[Source "ChessBase"]
[SourceQuality "1"]

{[%evp 17,47,33,84,41,71,74,69,49,56,52,82,72,68,75,130,131,134,123,124,73,73,77,72,66,40,0,159,158,239,238,673,668]} 1. d4 Nf6 2. c4 e6 3. Nc3 d5 4. cxd5 exd5 5. Bg5 c6 6. e3 h6 7. Bh4 Bf5 8. Qf3 {D35: Queen's Gambit Declined: Exchange Variation} (8. Bd3 Bxd3 9. Qxd3 Be7 10. Nge2 O-O 11. f3 Re8 12. O-O Nbd7 13. Rad1 b5 14. Bf2 Bf8 15. Ng3 Rc8 {1-0 (60) Duda,J (2706)-Meier,G (2655) Heraklio 2017}) 8... Bh7 9. Bxf6 gxf6 {LiveBook: 4 Games} (9... Qxf6 $14 10. Qxf6 gxf6) 10. Qd1 {White is better.} Qb6 11. Qd2 Nd7 12. Nf3 Rg8 13. g3 Be4 $146 ({Find the theoretical novelty and annotate with similar games:} 13... Bd6 14. O-O-O f5 15. Bd3 Nf6 {1-0 (66) Barbero,G (2490)-Casagrande,H (2395) Moscow 1994}) 14. Be2 f5 15. O-O Bxf3 (15... Qc7 $142) 16. Bxf3 $16 Nf6 17. Qc2 Ne4 18. Bxe4 (18. Bg2 $142) 18... fxe4 19. f3 f5 20. fxe4 fxe4 {[#]} 21. Nxe4 $1 {[%cal Bc3e4,Be4f6,Bf6d5][%mdl 544]} O-O-O $2 (21... dxe4 $11 22. Qxe4+ Be7) 22. Nf6 Rg7 {[#]} (22... Rg5 $16 23. Nh7 Rg8) 23. Nxd5 $1 $18 {[%mdl 512]} Qa5 $2 (23... Rxd5 24. Rxf8+ Rd8) 24. Qf5+ {Precision: White = 45%, Black = 25%.} 1-0

[Event "Kathmandu Open 2018"]
[Site "Kathmandu"]
[Date "2018.04.15"]
[Round "7"]
[White "Tarlev, Konstantin"]
[Black "Prince, Bajaj"]
[Result "1-0"]
[WhiteElo "2549"]
[BlackElo "2409"]
[Annotator "TA"]
[PlyCount "65"]
[EventDate "2018.??.??"]
[EventType "swiss"]
[EventCountry "NEP"]
[SourceTitle "playchess.com"]
[Source "ChessBase"]
[SourceQuality "1"]

{[%evp 23,65,25,25,35,31,25,42,51,52,50,74,74,74,74,74,74,80,74,87,88,100,33,46,20,85,83,86,89,88,86,87,67,57,58,78,63,72,60,105,104,107,89,114,105]} 1. d4 Nf6 2. Nf3 e6 3. c4 b6 4. Nc3 Bb7 5. a3 d5 6. cxd5 exd5 7. g3 Be7 8. Bg2 O-O 9. O-O c5 10. Bf4 Na6 11. Rc1 Ne4 12. dxc5 Naxc5 13. Nb5 {E12: Queen's Indian: Unusual White 4th moves, 4 a3, 4 Nc3 Bb7 5 a3 and 4 Nc3 Bb7} Ne6 $146 ({Predecessor:} 13... a6 14. Nc7 Rc8 15. b4 Rxc7 16. Bxc7 Qxc7 17. bxc5 Bxc5 18. Nd2 {1-0 (44) Manolache,M (2462)-Pena Torres,J (2110) Villagarcia de Arosa 2005}) 14. Be3 Bf6 15. Nfd4 {White is slightly better.} Nxd4 16. Bxd4 a6 17. Nc3 Rc8 18. Bxf6 Nxf6 19. e3 h6 20. Qb3 Qd6 21. Rcd1 Rfd8 {[#]} 22. e4 $1 {[%mdl 512]} d4 $14 {[#]} (22... dxe4 23. Rxd6) 23. e5 $1 {[%mdl 512]} Qxe5 (23... Qd7 $11 24. Bxb7 (24. exf6 Bxg2 25. Kxg2 Qc6+ 26. f3 dxc3 $11) 24... Qxb7) 24. Bxb7 $16 Rb8 25. Rfe1 ({Of course not} 25. Qxb6 $6 Rd7 $11) 25... Qc7 26. Bxa6 {Strongly threatening Ne2.} dxc3 27. Rxd8+ Rxd8 28. bxc3 h5 29. Bf1 Rd2 30. Re2 $36 {[%mdl 2048] White has the initiative.} Rxe2 31. Bxe2 {White is better.} g6 32. Bf3 Kg7 33. Qb4 {Precision: White = 74%, Black = 54%.} 1-0

[Event "Kathmandu Open 2018"]
[Site "Kathmandu"]
[Date "2018.04.15"]
[Round "7"]
[White "Greenfeld, Alon"]
[Black "Padmini, Rout"]
[Result "1/2-1/2"]
[WhiteElo "2490"]
[BlackElo "2360"]
[Annotator "TA"]
[PlyCount "61"]
[EventDate "2018.??.??"]
[EventType "swiss"]
[EventCountry "NEP"]
[SourceTitle "playchess.com"]
[Source "ChessBase"]
[SourceQuality "1"]

{[%evp 19,61,-14,8,8,9,10,12,8,8,6,6,0,0,0,0,7,13,7,8,11,15,8,14,0,1,0,0,0,8,9,19,19,25,4,13,0,0,0,0,0,0,0,0,0]} 1. Nf3 d5 2. c4 e6 3. g3 Nf6 4. Bg2 Be7 5. O-O O-O 6. b3 c5 7. Bb2 Nc6 8. cxd5 Nxd5 9. Nc3 Nxc3 10. Bxc3 Bd7 {LiveBook: 19 Games} 11. Qb1 {A14: English Opening: 1...e6 with b3 by White} Bf6 (11... Rc8 12. Rd1 Bf6 13. d4 Qe7 14. Qb2 cxd4 15. Nxd4 b6 16. Nxc6 Bxc6 17. Bxf6 Qxf6 18. Qxf6 gxf6 {1-0 (51) Kramnik,V (2812)-Anand,V (2770) Leuven 2016}) 12. Qe4 Rc8 13. Rac1 b6 14. d4 cxd4 15. Nxd4 Nxd4 16. Bxd4 Bxd4 17. Qxd4 Bb5 $146 ({Predecessor:} 17... Bc6 18. Qb2 Qe7 19. Rfd1 {½-½ (19) Takacs,S-Maroczy,G Hastings Town Hall 1929}) 18. Qb2 Qe7 19. Rfd1 Ba6 20. Rxc8 Rxc8 21. Qd2 g6 22. Bf3 Bb7 23. Qd7 Qxd7 24. Rxd7 Bxf3 25. exf3 $11 {[%mdl 4096] Endgame KR-KR} a5 26. Rd6 Rb8 {The position is equal.} 27. a3 Kf8 28. b4 a4 29. b5 Rc8 30. Rxb6 Rc3 31. Ra6 {Precision: White = 60%, Black = 93%.} 1/2-1/2

[Event "Kathmandu Open 2018"]
[Site "Kathmandu"]
[Date "2018.04.15"]
[Round "7"]
[White "Gusain, Himal"]
[Black "Sandipan, Chanda"]
[Result "1/2-1/2"]
[WhiteElo "2413"]
[BlackElo "2579"]
[Annotator "TA"]
[PlyCount "48"]
[EventDate "2018.??.??"]
[EventType "swiss"]
[EventCountry "NEP"]
[SourceTitle "playchess.com"]
[Source "ChessBase"]
[SourceQuality "1"]

{[%evp 18,48,0,-10,0,0,0,0,0,0,0,0,0,0,0,0,0,0,0,-48,0,0,0,0,0,0,75,0,0,0,0,0,0]} 1. e4 c6 2. d4 d5 3. e5 Bf5 4. h4 h5 5. Bd3 Bxd3 6. Qxd3 {B12: Caro-Kann: Advance Variation} Qa5+ 7. Nd2 e6 8. Ngf3 (8. Ne2 Ne7 9. O-O Nf5 10. Nf3 Qa6 11. Qd1 Be7 12. g3 c5 {½-½ (67) Nakamura,H (2787)-Artemiev,V (2697) Moscow 2018}) 8... Qa6 9. c4 Ne7 10. O-O {LiveBook: 5 Games} Nd7 11. Qc2 Nf5 12. cxd5 $146 ({Predecessor:} 12. b3 Be7 {½-½ (23) Isha,S (1927)-Tarini,G (2090) Kankarbagh 2017}) 12... cxd5 13. Nb3 Be7 14. Bg5 Bxg5 15. hxg5 O-O 16. Rfc1 g6 17. a4 Rfd8 18. Ne1 Rac8 19. Qxc8 Rxc8 20. Rxc8+ Kg7 {Strongly threatening ...Qb6.} 21. Rc7 Nf8 {[#]} (21... Qb6 $11 {remains equal.} 22. Rxd7 Qxb3) 22. Rac1 ({White should play} 22. Nc5 $1 $16 {[%cal Rc5a6]} Qe2 23. Nf3) 22... b6 $11 {The position is equal.} (22... Qxa4 23. Rxb7 Qa6 24. Rcc7 $18) 23. a5 Qb5 24. axb6 axb6 {Precision: White = 72%, Black = 64%.} 1/2-1/2

[Event "Kathmandu Open 2018"]
[Site "Kathmandu"]
[Date "2018.04.15"]
[Round "7"]
[White "Sriram, Jha"]
[Black "Sengupta, Deep"]
[Result "0-1"]
[WhiteElo "2392"]
[BlackElo "2579"]
[Annotator "TA"]
[PlyCount "94"]
[EventDate "2018.??.??"]
[EventType "swiss"]
[EventCountry "NEP"]
[SourceTitle "playchess.com"]
[Source "ChessBase"]
[SourceQuality "1"]

{[%evp 18,94,45,46,56,19,8,8,14,7,7,18,20,24,24,15,24,29,11,11,25,12,8,13,24,9,29,-41,-33,-85,-87,-87,-87,-85,-82,-167,-152,-256,-191,-204,-193,-214,-208,-229,-228,-226,-204,-204,-207,-234,-225,-308,-228,-354,-191,-211,-210,-224,-189,-188,-102,-135,-144,-154,-135,-325,-155,-182,-125,-436,-398,-400,-366,-412,-435,-677,-657,-651,-651]} 1. d4 Nf6 2. c4 g6 3. g3 Bg7 4. Bg2 O-O 5. Nf3 d6 6. O-O Nc6 7. Nc3 a6 8. Bf4 Rb8 {E63: King's Indian: Fianchetto: Panno Variation with 7...a6} 9. Rc1 h6 10. h3 {LiveBook: 47 Games} b5 $146 {White is slightly better.} ({Predecessor:} 10... Re8 11. b3 g5 12. Bd2 e5 13. d5 Nd4 14. Ne1 e4 15. Bxg5 Nxe2+ 16. Nxe2 hxg5 {1-0 (53) Wang,H (2735)-Grischuk,A (2783) Beijing 2013}) 11. Nd5 (11. cxb5 {with more complications.} axb5 12. e4 Na5 13. e5 Nd7 14. Re1) 11... bxc4 12. Nxf6+ exf6 13. Rxc4 Ne7 14. b3 Be6 15. Rc1 f5 16. Qd3 Nd5 17. Bd2 Qd7 18. e3 Rfc8 19. Rfd1 c6 20. h4 Nf6 21. Be1 a5 22. Rc2 ({Better is} 22. Nd2 $11) 22... f4 $15 23. e4 ({White should play} 23. exf4 $15 Bf5 24. Qd2) 23... fxg3 $17 24. fxg3 d5 25. Ne5 Qe8 26. Bxa5 (26. Rdc1 $17 {was the only chance.}) 26... Nxe4 $19 27. Be1 (27. Re2 $17) 27... Bf5 28. Qe2 c5 ({Resist} 28... Bxe5 29. dxe5 Qxe5 30. Rdc1 $17) 29. Nf3 cxd4 30. Rxc8 Qxc8 31. Nxd4 Qc5 32. Qe3 Bg4 33. Rd3 Re8 34. b4 Qc8 {[#] ...Nc5 is the strong threat.} 35. Nb3 (35. Bf2 $142) 35... Qc4 (35... Nf6 $142 36. Qf2 Re2) 36. Bf2 Kh7 37. Bf1 Qxb4 38. Rxd5 Nf6 (38... h5 $19 39. Kh2 Re6) 39. Rd4 Qa3 $36 {[%mdl 2048] Black is on the roll.} ({Much weaker is} 39... Rxe3 $6 40. Rxb4 Rc3 41. Be1 $11) 40. Qf4 Qxa2 41. Bc4 $2 {[#]} (41. Nc5 $17 {was necessary.}) 41... Be6 (41... Qb1+ $19 {is more deadly.} 42. Qc1 Qxc1+ 43. Nxc1 Ne4 44. Rxe4 Rxe4 45. Bxf7 Re7) 42. Bxe6 $17 Rxe6 43. Nc5 $2 {[%mdl 8192]} (43. Qf3 $17 {was the crucial defense.}) 43... Nh5 44. Qd2 Qa1+ 45. Kg2 Bxd4 46. Nxe6 (46. Qxd4 $142 Qa8+ 47. Kg1) 46... Bxf2 47. Nf8+ Kg8 {Precision: White = 28%, Black = 56%.} 0-1

[Event "Kathmandu Open 2018"]
[Site "Kathmandu"]
[Date "2018.04.15"]
[Round "7"]
[White "Shyaamnikhil P"]
[Black "Kasparov, Sergey"]
[Result "1-0"]
[WhiteElo "2385"]
[BlackElo "2462"]
[Annotator "TA"]
[PlyCount "97"]
[EventDate "2018.??.??"]
[EventType "swiss"]
[EventCountry "NEP"]
[SourceTitle "playchess.com"]
[Source "ChessBase"]
[SourceQuality "1"]

{[%evp 16,97,38,34,38,23,31,18,29,22,21,24,25,27,37,28,28,20,26,16,10,0,0,-11,10,0,15,24,28,11,48,39,62,40,51,52,73,68,101,70,78,41,46,48,72,48,95,102,81,74,100,73,78,84,85,94,75,64,72,74,108,107,144,104,105,108,1066,760,1077,900,1150,1159,29971,29964,29972,12843,29975,29976,29976,29976,29976,29977,29972,29974]} 1. e4 d5 2. exd5 Qxd5 3. Nc3 Qd6 4. d4 Nf6 5. Nf3 c6 6. g3 {B01: Scandinavian Defence} (6. h3 Nbd7 7. Bd3 g6 8. O-O Bg7 9. Re1 O-O 10. Qe2 e6 11. Bg5 b6 12. Rad1 Bb7 13. Ne5 c5 14. dxc5 Qxe5 15. Qxe5 Nxe5 16. Rxe5 {1-0 (90) Guseinov,G (2645)-Carlsen,M (2832) chess.com INT 2017}) 6... Bf5 7. Bg2 e6 8. O-O h6 9. Ne2 {LiveBook: 4 Games} Be7 10. Bf4 Qd8 11. c4 O-O 12. Nc3 Qb6 $146 13. Qe2 Re8 14. Rfd1 Nbd7 15. h3 Rad8 16. g4 Bg6 17. Ne5 Nxe5 18. dxe5 Nd7 19. Be4 Bxe4 20. Nxe4 Qc7 21. Nd6 $36 {[%mdl 2048] White is pushing.} Bxd6 22. Rxd6 Nf8 23. Rad1 Rxd6 24. Rxd6 Rd8 25. Qd2 Rxd6 26. exd6 Qd8 27. b4 {[%cal Bb2b4,Bb4b5][%mdl 32]} Nd7 28. Qd4 Qb6 29. Qc3 Qa6 {[#]} 30. Qb3 $1 c5 31. b5 Qb6 32. Qd3 Qd8 33. Qe4 Qc8 34. a4 a5 35. Bd2 b6 36. Bc3 Qe8 37. f4 f6 38. Kf2 Kf7 39. Kf3 g6 40. f5 exf5 $2 {[%mdl 8192] [#]} (40... g5 $16) 41. gxf5 Qxe4+ 42. Kxe4 $16 {[%mdl 4096] Endgame KB-KN} g5 43. Kd5 h5 44. Kc6 Ke8 45. Kc7 h4 46. Be1 {White mates.} Ne5 47. Bf2 Nd7 48. Be3 Ne5 49. Bg1 {Precision: White = 59%, Black = 45%.} 1-0